00325nam a2200133Ia 4500008004100000020001500041041001200056100001500068245004400083250000800127260003300135300000800168650001500176221030s9999 xx 000 0 und d a8126523665 aEnglish aR. W. Kolb 0aFutures, Options & Swapscby R. W. Kolb a5th bWilley Pub.aNew Delhic2013 a819 aManagement